[Event "HUN-chT2 Asztalos 0304"]
[Site "Hungary"]
[Date "2003.12.07"]
[Round "5"]
[White "Ruppaner, Janos"]
[Black "Horvath, Miklos"]
[Result "0-1"]
[WhiteElo "2216"]
[BlackElo "2231"]
[PlyCount "105"]
[EventDate "2003.08.29"]
[EventType "team-tourn"]
[EventRounds "11"]
[EventCountry "HUN"]
[SourceTitle "EXT 2009"]
[Source "ChessBase"]
[SourceDate "2008.11.26"]
[SourceVersion "1"]
[SourceVersionDate "2008.11.26"]
[SourceQuality "1"]
[WhiteTeam "Kalocsa"]
[BlackTeam "Fehervar"]
[WhiteTeamCountry "HUN"]
[BlackTeamCountry "HUN"]

1. e4 e5 2. d4 exd4 3. Qxd4 Nc6 4. Qe3 Nf6 5. e5 Ng4 6. Qe2 d5 7. h3 Ngxe5 8. f4 Qh4+ 9. Kd1 Bg4 10. Nf3 Bxf3 11. gxf3 0-0-0 12. fxe5 Qd4+ 13. Qd2 Qxe5 14. Qf4 Qe6 15. Bd3 g6 16. Qg4 f5 17. Qa4 Bc5 18. Re1 Qf6 19. Nc3 d4 20. Ne2 Rhe8 21. Bd2 Ne5 22. Nf4 c6 23. b4 Bb6 24. Rf1 g5 25. Ne2 Nxd3 26. cxd3 f4 27. Rc1 Qf5 28. Qb3 Qxh3 29. Rf2 Re3 30. Kc2 Rde8 31. Ng1 Qf5 32. a4 R3e7 33. Rh2 Qg6 34. Kb2 a6 35. Rf1 h5 36. Rff2 Re3 37. Kc2 Bc7 38. Rhg2 g4 39. Qc4 b5 40. axb5 cxb5 41. Qb3 Qc6+ 42. Kb2 g3 43. Bxe3 dxe3 44. Rc2 Qd7 45. Rc5 Kb8 46. Rxh5 Be5+ 47. Kb1 Qd4 48. Ra2 g2 49. Ne2 Qd6 50. Rg5 Qc6 51. Ng1 Bd4 52. Raxg2 e2 53. Nxe2 0-1

[Event "HUN-chT2 Asztalos 0304"]
[Site "Hungary"]
[Date "2003.11.30"]
[Round "4"]
[White "Thurmer, Jeno"]
[Black "Ruppaner, Janos"]
[Result "1-0"]
[WhiteElo "2142"]
[BlackElo "2216"]
[PlyCount "61"]
[EventDate "2003.08.29"]
[EventType "team-tourn"]
[EventRounds "11"]
[EventCountry "HUN"]
[SourceTitle "EXT 2009"]
[Source "ChessBase"]
[SourceDate "2008.11.26"]
[SourceVersion "1"]
[SourceVersionDate "2008.11.26"]
[SourceQuality "1"]
[WhiteTeam "Komlo Banyasz"]
[BlackTeam "Kalocsa"]
[WhiteTeamCountry "HUN"]
[BlackTeamCountry "HUN"]

1. d4 d6 2. c4 Bg4 3. Nc3 Nd7 4. h3 Bh5 5. g4 Bg6 6. Bg2 c6 7. Nf3 e5 8. dxe5 dxe5 9. Ng5 Be7 10. Nge4 Qb8 11. Be3 Ngf6 12. Qb3 0-0 13. Rd1 Qc7 14. 0-0 Nxe4 15. Nxe4 b6 16. Rd2 Rfd8 17. Rfd1 Nf8 18. Qc3 Ne6 19. b4 Rxd2 20. Rxd2 a5 21. a3 axb4 22. axb4 Bxe4 23. Bxe4 Ra4 24. Bxh7+ Kh8 25. Qc2 Rxb4 26. Bf5 Nf8 27. g5 Qa7 28. g6 fxg6 29. Bxg6 Qa6 30. Qf5 Qxc4 31. Rd8 1-0

[Event "HUN-chT2 Asztalos 0203"]
[Site "Hungary"]
[Date "2003.04.13"]
[Round "11"]
[White "Ruppaner, Janos"]
[Black "Varga, Zsolt"]
[Result "1-0"]
[WhiteElo "2212"]
[BlackElo "2248"]
[PlyCount "57"]
[EventDate "2002.09.22"]
[EventType "team-tourn"]
[EventRounds "11"]
[EventCountry "HUN"]
[SourceTitle "EXT 2009"]
[Source "ChessBase"]
[SourceDate "2008.11.26"]
[SourceVersion "1"]
[SourceVersionDate "2008.11.26"]
[SourceQuality "1"]

1. e4 c5 2. Nf3 d6 3. d4 cxd4 4. Nxd4 Nf6 5. Nc3 e6 6. Be2 Nc6 7. Be3 Be7 8. 0-0 0-0 9. Nb3 a6 10. f4 Qc7 11. Bf3 Rd8 12. Qe2 b5 13. a3 Bb7 14. Qf2 Nd7 15. Rad1 Na5 16. Nxa5 Qxa5 17. Ne2 Qc7 18. Rd2 Rab8 19. g4 Nc5 20. Qg2 Rd7 21. g5 f5 22. exf5 exf5 23. Bd5+ Kh8 24. Ng3 Rf8 25. Bd4 Qc8 26. Re1 a5 27. Qh3 Bxd5 28. Qh6 Bf6 29. gxf6 1-0

[Event "HUN-chT2 Asztalos 0203"]
[Site "Hungary"]
[Date "2003.03.02"]
[Round "8"]
[White "Toth, Pal"]
[Black "Ruppaner, Janos"]
[Result "1/2-1/2"]
[WhiteElo "2120"]
[BlackElo "2212"]
[PlyCount "152"]
[EventDate "2002.09.22"]
[EventType "team-tourn"]
[EventRounds "11"]
[EventCountry "HUN"]
[SourceTitle "EXT 2009"]
[Source "ChessBase"]
[SourceDate "2008.11.26"]
[SourceVersion "1"]
[SourceVersionDate "2008.11.26"]
[SourceQuality "1"]

1. d4 d6 2. c4 Bg4 3. Nc3 Nd7 4. Qc2 c6 5. e4 e5 6. Be3 Be7 7. Nge2 Qb8 8. h3 Bh5 9. g4 Bg6 10. h4 h6 11. Ng3 Qd8 12. h5 Bh7 13. Be2 Qb8 14. Qd2 f6 15. Rg1 Qc7 16. Nf5 Bf8 17. d5 c5 18. a4 Bxf5 19. gxf5 Ne7 20. Nb5 Qb8 21. f3 a6 22. Na3 Qc7 23. Kf2 0-0-0 24. b4 cxb4 25. Qxb4 Nc5 26. Rgb1 Rd7 27. a5 Ng8 28. Nc2 Qd8 29. Ne1 Qe8 30. Nd3 Qxh5 31. Rh1 Qf7 32. Nxc5 dxc5 33. Bxc5 Bxc5+ 34. Qxc5+ Kb8 35. Qb6 Ne7 36. Rab1 Nc8 37. Qxa6 Qe7 38. Qb5 Rc7 39. Qb4 Rc5 40. Qa4 Qc7 41. Rb5 Nd6 42. Rxc5 Qxc5+ 43. Kf1 Rc8 44. Rg1 Rc7 45. Qa2 Qd4 46. Kg2 Nxc4 47. Bxc4 Rxc4 48. Rb1 Qd3 49. Qb3 Qxb3 50. Rxb3 Ka7 51. Kg3 Rc5 52. d6 Rc6 53. Rd3 Rc8 54. d7 Rd8 55. Rd6 Kb8 56. Re6 Kc7 57. a6 Kxd7 58. axb7 Rb8 59. Rb6 Kc7 60. Re6 Rxb7 61. Kg4 Kd8 62. Kg3 Re7 63. Ra6 Ke8 64. Kg4 Rd7 65. Kh5 Rd1 66. Ra8+ Kf7 67. Ra7+ Kg8 68. Ra8+ Kh7 69. Ra7 Rg1 70. Kh4 Rh1+ 71. Kg3 h5 72. Kg2 Rc1 73. Rf7 Kh6 74. Rf8 Rc7 75. Kg3 Kh7 76. Kh4 Rc3 1/2-1/2

[Event "HUN-chT2 Asztalos 0203"]
[Site "Hungary"]
[Date "2002.11.24"]
[Round "3"]
[White "Ruppaner, Janos"]
[Black "Gazda, Istvan"]
[Result "1-0"]
[WhiteElo "2210"]
[BlackElo "2206"]
[PlyCount "81"]
[EventDate "2002.09.22"]
[EventType "team-tourn"]
[EventRounds "11"]
[EventCountry "HUN"]
[SourceTitle "EXT 2009"]
[Source "ChessBase"]
[SourceDate "2008.11.26"]
[SourceVersion "1"]
[SourceVersionDate "2008.11.26"]
[SourceQuality "1"]

1. e4 c5 2. Nf3 d6 3. d4 cxd4 4. Nxd4 Nf6 5. Nc3 g6 6. Be3 Bg7 7. Be2 Nc6 8. f4 0-0 9. 0-0 Bd7 10. Nb3 a6 11. a4 Be6 12. Nd4 Nxd4 13. Bxd4 Qa5 14. f5 gxf5 15. exf5 Bxf5 16. b4 Qxb4 17. Rxf5 e5 18. Rxf6 exd4 19. Nd5 Qc5 20. Ne7+ Kh8 21. Rf5 d5 22. Rxd5 Qxe7 23. Bd3 Qe3+ 24. Kh1 Rae8 25. Rf5 Re6 26. Rb1 Rh6 27. Qf3 Qxf3 28. Rxf3 b6 29. Bxa6 Be5 30. g3 Rc6 31. Bd3 f6 32. Be4 Rd6 33. Rfb3 f5 34. Bd3 f4 35. gxf4 Rxf4 36. Rxb6 Rh4 37. Rb8+ Kg7 38. R1b7+ Kf6 39. Rf8+ Ke6 40. Bc4+ Rd5 41. Re8+ 1-0

[Event "HUN-chT2 Asztalos 0203"]
[Site "Hungary"]
[Date "2002.10.13"]
[Round "2"]
[White "Ruppaner, Janos"]
[Black "Fekete, Lajos"]
[Result "1/2-1/2"]
[WhiteElo "2210"]
[BlackElo "2018"]
[PlyCount "34"]
[EventDate "2002.09.22"]
[EventType "team-tourn"]
[EventRounds "11"]
[EventCountry "HUN"]
[SourceTitle "EXT 2009"]
[Source "ChessBase"]
[SourceDate "2008.11.26"]
[SourceVersion "1"]
[SourceVersionDate "2008.11.26"]
[SourceQuality "1"]

1. e4 e5 2. Nf3 Nc6 3. Bb5 Nf6 4. Bxc6 dxc6 5. d3 Bd6 6. h3 h6 7. Nbd2 Be6 8. Nf1 Nd7 9. g4 Qe7 10. Be3 c5 11. Qe2 Nb6 12. N3d2 Qd7 13. b3 Qb5 14. Ng3 g6 15. 0-0 Qd7 16. f3 Qe7 17. Bf2 0-0-0 1/2-1/2

[Event "HUN-chT2 Asztalos 0203"]
[Site "Hungary"]
[Date "2002.09.22"]
[Round "1"]
[White "Rusz, Gabor"]
[Black "Ruppaner, Janos"]
[Result "0-1"]
[WhiteElo "2205"]
[BlackElo "2210"]
[PlyCount "60"]
[EventDate "2002.09.22"]
[EventType "team-tourn"]
[EventRounds "11"]
[EventCountry "HUN"]
[SourceTitle "EXT 2009"]
[Source "ChessBase"]
[SourceDate "2008.11.26"]
[SourceVersion "1"]
[SourceVersionDate "2008.11.26"]
[SourceQuality "1"]

1. d4 d6 2. Nf3 Bg4 3. e3 Nd7 4. Be2 c6 5. 0-0 e5 6. dxe5 dxe5 7. c3 Be7 8. Qc2 Bh5 9. a4 Bg6 10. e4 Qb8 11. Ne1 Bd8 12. b4 Ne7 13. Be3 Nd5 14. Bd2 0-0 15. c4 Nc7 16. Bc3 a5 17. b5 Ne6 18. Bg4 Ndc5 19. Bxe6 Nxe6 20. Nf3 f6 21. Nbd2 Bb6 22. Nb3 Qc7 23. c5 Bxc5 24. Nxc5 Nxc5 25. Bxe5 Qe7 26. Bd4 Nxe4 27. bxc6 bxc6 28. Qxc6 Rfc8 29. Qb5 Nd6 30. Qb3+ Bf7 0-1

[Event "HUN-chT3 0102"]
[Site "Hungary"]
[Date "2002.03.03"]
[Round "8.2"]
[White "Ruppaner, Janos"]
[Black "Adok, Janos"]
[Result "1/2-1/2"]
[WhiteElo "2210"]
[BlackElo "2263"]
[PlyCount "86"]
[EventDate "2001.09.30"]
[EventType "team-tourn"]
[EventRounds "11"]
[EventCountry "HUN"]
[SourceTitle "EXT 2004"]
[Source "ChessBase"]
[SourceDate "2003.11.25"]
[SourceVersion "1"]
[SourceVersionDate "2003.11.25"]
[SourceQuality "1"]

1. e4 e6 2. d4 d5 3. Nd2 Nf6 4. Bd3 c5 5. dxc5 Bxc5 6. Qe2 dxe4 7. Nxe4 Nxe4 8. Qxe4 Qb6 9. Nh3 Nc6 10. 0-0 f5 11. Qe2 0-0 12. c3 Bd7 13. b4 Bd6 14. Bc4 Ne5 15. Bb3 Nf7 16. Bf4 Rae8 17. Rfd1 Bxf4 18. Nxf4 Bc8 19. h4 e5 20. Nd5 Qh6 21. Qc4 Be6 22. Qc7 Qxh4 23. Qxb7 f4 24. Re1 f3 25. Re4 Qg5 26. Ne3 Nd6 27. Bxe6+ Rxe6 28. Qd5 Nxe4 29. Qxe6+ Kh8 30. Qg4 Qxg4 31. Nxg4 Nxc3 32. Nxe5 fxg2 33. Kxg2 Re8 34. Nc6 a6 35. a4 h6 36. Ra3 Nd5 37. b5 axb5 38. axb5 Re1 39. Ra8+ Kh7 40. Rd8 Nb6 41. Rb8 Nd7 42. Rb7 Nc5 43. Rc7 Rb1 1/2-1/2

[Event "HUN-chT3 0102"]
[Site "Hungary"]
[Date "2002.01.27"]
[Round "6.2"]
[White "Ruppaner, Janos"]
[Black "Kakuk, Sandor"]
[Result "0-1"]
[WhiteElo "2210"]
[BlackElo "2244"]
[PlyCount "53"]
[EventDate "2001.09.30"]
[EventType "team-tourn"]
[EventRounds "11"]
[EventCountry "HUN"]
[SourceTitle "EXT 2004"]
[Source "ChessBase"]
[SourceDate "2003.11.25"]
[SourceVersion "1"]
[SourceVersionDate "2003.11.25"]
[SourceQuality "1"]

1. e4 c5 2. d4 cxd4 3. Qxd4 Nc6 4. Qe3 d6 5. c4 Nf6 6. Bd2 e6 7. Nc3 Be7 8. 0-0-0 a6 9. f4 Qc7 10. Kb1 0-0 11. Be2 Rd8 12. Bf3 Rb8 13. Rc1 b5 14. Nd5 Qd7 15. cxb5 Rxb5 16. Nxe7+ Nxe7 17. Ne2 d5 18. e5 Ne4 19. g4 Qb7 20. Rc2 Nxd2+ 21. Qxd2 Nc6 22. Rhc1 Bd7 23. Nc3 Rb4 24. a3 Rb3 25. Ka2 Rb8 26. Bd1 Na5 27. Ne4 0-1

[Event "HUN-chT3 0102"]
[Site "Hungary"]
[Date "2001.12.02"]
[Round "4.3"]
[White "Ruppaner, Janos"]
[Black "Ortel, Endre"]
[Result "1-0"]
[WhiteElo "2210"]
[BlackElo "2315"]
[PlyCount "63"]
[EventDate "2001.09.30"]
[EventType "team-tourn"]
[EventRounds "11"]
[EventCountry "HUN"]
[SourceTitle "EXT 2004"]
[Source "ChessBase"]
[SourceDate "2003.11.25"]
[SourceVersion "1"]
[SourceVersionDate "2003.11.25"]
[SourceQuality "1"]

1. e4 e6 2. d4 d5 3. Nd2 Nf6 4. Bd3 c5 5. dxc5 dxe4 6. Bb5+ Bd7 7. Qe2 Bxb5 8. Qxb5+ Qd7 9. Qc4 Qd5 10. Qxd5 exd5 11. b4 a5 12. c3 axb4 13. cxb4 Nc6 14. Rb1 Rxa2 15. Ne2 Be7 16. 0-0 0-0 17. Rd1 Ra4 18. b5 Ne5 19. Nb3 Nd3 20. c6 bxc6 21. bxc6 Ng4 22. Nc3 Rc4 23. Nxd5 Bd6 24. f3 Bxh2+ 25. Kf1 Nge5 26. fxe4 Kh8 27. Ba3 Ra8 28. Nb6 Rc2 29. Rd2 Rxd2 30. Nxd2 Rxa3 31. c7 Rc3 32. Nbc4 1-0

[Event "HUN-chT3 9900"]
[Site "Hungary"]
[Date "2000.02.27"]
[Round "8"]
[White "Kovari, Laszlo"]
[Black "Ruppaner, Janos"]
[Result "1/2-1/2"]
[WhiteElo "2076"]
[BlackElo "2210"]
[PlyCount "73"]
[EventDate "1999.09.26"]
[EventType "team-tourn"]
[EventRounds "11"]
[EventCountry "HUN"]
[SourceTitle "EXT 2002"]
[Source "ChessBase"]
[SourceDate "2001.11.25"]
[SourceVersion "1"]
[SourceVersionDate "2001.11.25"]
[SourceQuality "1"]

1. e4 c5 2. Nf3 d6 3. d4 cxd4 4. Nxd4 Nf6 5. Nc3 a6 6. Bg5 Nbd7 7. f4 h6 8. Bh4 Qa5 9. Nb3 Qc7 10. Qf3 e6 11. 0-0-0 Be7 12. g4 g5 13. Bg3 gxf4 14. Bxf4 Ne5 15. Bxe5 dxe5 16. h4 Bd7 17. Be2 Bc6 18. g5 hxg5 19. hxg5 Rxh1 20. Qxh1 Nd7 21. Qh8+ Nf8 22. Qg8 Bd6 23. Bh5 0-0-0 24. Qxf7 Be8 25. Qxc7+ Kxc7 26. Bxe8 Rxe8 27. Nd2 Be7 28. Nf3 Ng6 29. Rg1 Rf8 30. Rg3 Rf4 31. Kd2 Bb4 32. Kd3 Bxc3 33. bxc3 b5 34. Ke3 Rf7 35. Rh3 Rg7 36. Rh6 Kd6 37. Rh2 1/2-1/2